| 000 | 00396nam a22001337a 4500 | ||
|---|---|---|---|
| 082 |
_a624.2 _bBRI _cD |
||
| 100 |
_aU.S deptt of transportation _938415 |
||
| 245 |
_aBridge painting _cU.S deptt of transportation |
||
| 260 |
_aWashington _bU.S deptt of transportation _c1979c. |
||
| 300 |
_a34 p. _bill. _c26 cm. |
||
| 526 |
_a0 _b0 _c0 _d624_200000000000000_BRI |
||
| 650 |
_aD _96527 |
||
| 942 |
_2ddc _cBK |
||
| 999 |
_c547121 _d547121 |
||